000 00439nam a2200181Ia 4500
008 100315s9999 xx 000 0 und d
082 _b1863 
_a658.15 
100 _a"MOSES, A. S. "
245 _aFinancial Management
260 _c
300 _a"VIII,472P  "
365 _eAus.Sch. 
_d
_b0.00 
366 _f
530 _b-  
630 _aFinancial Management
730 _aFinancial Management
942 _cBOOK
999 _c476598
_d476595